| Поле | Название | Значение |
| |
Тип записи |
c |
| |
Библиографический уровень |
m |
| 001 |
Контрольный номер |
RU/IS/BASE/513444181 |
| 005 |
Дата корректировки |
20250322130624.4 |
| 010 |
Индекс ISBN |
__ |
| 9 |
Тираж |
37000 экз. |
| 013 |
Номер (ISMN) |
__ |
| d |
Цена |
1 р. 13 к. |
| 100 |
Данные общей обработки |
__ |
| a |
Данные общей обработки |
20160408d1963 u y0rusy0189 ca |
| 101 |
Язык документа |
0_ |
| a |
Язык текста |
rus |
| f |
Язык титульного листа |
rus |
| 102 |
Страна публикации |
__ |
| a |
Страна публикации |
RU |
| 105 |
Кодированные данные (монография) |
__ |
| a |
Кодированные данные (монография) |
y###||||000|y |
| 125 |
Кодированные данные звукозаписи и нотных изданий |
__ |
| a |
Форма изложения нотного текста |
с| |
| 128 |
Кодированные данные (звукозаписи-физические характеристики) |
__ |
| a |
Кодированные данные: Музыкальная форма и тональность или лад |
zz |
| b |
Инструменты или голоса, необходимые для ансамблей (устаревшее) |
kt|| |
| c |
Инструменты или голоса, рекомендуемые для солистов (устаревшее) |
kt|| |
| 200 |
Заглавие и сведения об ответственности |
1_ |
| a |
Заглавие |
Вып. 15 |
| e |
Сведения, относящиеся к заглавию |
сб. произведений для баяна [ансамблей баянов] |
| 210 |
Выходные данные |
1_ |
| d |
Дата издания |
1963 |
| 215 |
Физическое описание |
__ |
| a |
Объем |
147 с. |
| 327 |
Примечание о содержании |
11 |
| a |
Примечание о содержании |
Содерж. : Глинка М. И. Вальс из оперы "Иван Сусанин". - Чайковский П. И. Танец маленьких лебедей : из 2 акта, Танцы маленьких лебедей : из 4 акта : из балета "Лебединое озеро" ; Anastasie-valse ; Песня без слов : соч. 2 № 3. - Верстовский Н. Вальс ; Мазурка. - Римский-Корсаков Н. А. Полет шмеля из оперы "Сказка о царе салтане". - Рубинштейн А. Г. Мазурка : соч. 75, № 10. - Лысенко Н. В. Мечты. - Рахманинов С. В. Серенада : соч. 3 № 5. - Скрябин А. Н. Две прелюдии : соч. 31 №№ 3-4. - Бах И. С. Органная прелюдия. - Вебер К. Блестящее рондо. - Шопен Ф. Мазурка : соч. 7 № 1 ; Мазурка : соч. 63 № 2 ; Вальс : соч. 64 № 1 ; Вальс : соч. 69 № 2. - Брамс И. Венгерский танец № 1. - Григ Э. Ноктюрн ; Делиб Л. Испанская песня. - Сарасате П. Цыганские напевы. - Вогрич М. Стаккато-каприччио. - Сибелиус Я. Песня без слов : соч. 40 № 2. - Дебюсси К. Арабеска. - Скотт С. Баллада ; Джунгли. |
| 461 |
Уровень набора |
_0 |
| 1 |
|
001RU/IS/BASE/513343390 |
| 1 |
|
200 |
| a |
|
Играй, мой баян |
| b |
|
[Ноты] |
| v |
|
Вып. 15 |
| 1 |
|
210 |
| a |
|
М. |
| c |
|
Воениздат |
| d |
|
[1956] - |
| 464 |
Аналитический уровень |
_0 |
| 1 |
|
2001 |
| a |
|
Вальс из оперы "Иван Сусанин" |
| 1 |
|
700 1 |
| a |
|
Глинка |
| b |
|
М. И. |
| 1 |
|
50010 |
| a |
|
Иван Сусанин |
| 464 |
Аналитический уровень |
_0 |
| 1 |
|
2001 |
| a |
|
Танец маленьких лебедей |
| e |
|
из 2 акта балета "Лебединое озеро" |
| 1 |
|
700 1 |
| a |
|
Чайковский |
| b |
|
П. И. |
| 1 |
|
50010 |
| a |
|
Лебединое озеро |
| 464 |
Аналитический уровень |
_0 |
| 1 |
|
2001 |
| a |
|
Танцы маленьких лебедей |
| e |
|
из 4 акта балета "Лебединое озеро" |
| 1 |
|
700 1 |
| a |
|
Чайковский |
| b |
|
П. И. |
| 1 |
|
50010 |
| a |
|
Лебединое озеро |
| 464 |
Аналитический уровень |
_0 |
| 1 |
|
2001 |
| a |
|
Anastasie-valse |
| 1 |
|
700 1 |
| a |
|
Чайковский |
| b |
|
П. И. |
| 464 |
Аналитический уровень |
_0 |
| 1 |
|
2001 |
| a |
|
Песня без слов |
| e |
|
соч. 2 № 3 |
| 1 |
|
700 1 |
| a |
|
Чайковский |
| b |
|
П. И. |
| 464 |
Аналитический уровень |
_0 |
| 1 |
|
2001 |
| a |
|
Вальс |
| 1 |
|
700 1 |
| a |
|
Верстовский |
| b |
|
Н. |
| 464 |
Аналитический уровень |
_0 |
| 1 |
|
2001 |
| a |
|
Мазурка |
| 1 |
|
700 1 |
| a |
|
Верстовский |
| b |
|
Н. |
| 464 |
Аналитический уровень |
_0 |
| 1 |
|
2001 |
| a |
|
Полет шмеля из оперы "Сказка о царе салтане" |
| 1 |
|
700 1 |
| a |
|
Римский-Корсаков |
| b |
|
Н. А. |
| 1 |
|
50010 |
| a |
|
Сказка о царе салтане |
| 464 |
Аналитический уровень |
_0 |
| 1 |
|
2001 |
| a |
|
Мазурка |
| e |
|
соч. 75 № 10 |
| 1 |
|
700 1 |
| a |
|
Рубинштейн |
| b |
|
А. Г. |
| 464 |
Аналитический уровень |
_0 |
| 1 |
|
2001 |
| a |
|
Мечты |
| 1 |
|
700 1 |
| a |
|
Лысенко |
| b |
|
Н. В. |
| 464 |
Аналитический уровень |
_0 |
| 1 |
|
2001 |
| a |
|
Серенада |
| e |
|
соч. 3 № 5 |
| 1 |
|
700 1 |
| a |
|
Рахманинов |
| b |
|
С. В. |
| 464 |
Аналитический уровень |
_0 |
| 1 |
|
2001 |
| a |
|
Прелюдия |
| e |
|
соч. 31 № 3 |
| 1 |
|
700 1 |
| a |
|
Скрябин |
| b |
|
А. Н. |
| 464 |
Аналитический уровень |
_0 |
| 1 |
|
2001 |
| a |
|
Прелюдия |
| e |
|
соч. 31 № 4 |
| 1 |
|
700 1 |
| a |
|
Скрябин |
| b |
|
А. Н. |
| 464 |
Аналитический уровень |
_0 |
| 1 |
|
2001 |
| a |
|
Органная прелюдия |
| 1 |
|
700 1 |
| a |
|
Бах |
| b |
|
И. С. |
| 464 |
Аналитический уровень |
_0 |
| 1 |
|
2001 |
| a |
|
Блестящее рондо |
| 1 |
|
700 1 |
| a |
|
Вебер |
| b |
|
К. |
| 464 |
Аналитический уровень |
_0 |
| 1 |
|
2001 |
| a |
|
Мазурка |
| e |
|
соч. 7 № 1 |
| 1 |
|
700 1 |
| a |
|
Шопен |
| b |
|
Ф. |
| 464 |
Аналитический уровень |
_0 |
| 1 |
|
2001 |
| a |
|
Мазурка |
| e |
|
соч. 63 № 2 |
| 1 |
|
700 1 |
| a |
|
Шопен |
| b |
|
Ф. |
| 464 |
Аналитический уровень |
_0 |
| 1 |
|
2001 |
| a |
|
Вальс |
| e |
|
соч. 64 № 1 |
| 1 |
|
700 1 |
| a |
|
Шопен |
| b |
|
Ф. |
| 464 |
Аналитический уровень |
_0 |
| 1 |
|
2001 |
| a |
|
Вальс |
| e |
|
соч. 69 № 2 |
| 1 |
|
700 1 |
| a |
|
Шопен |
| b |
|
Ф. |
| 464 |
Аналитический уровень |
_0 |
| 1 |
|
2001 |
| a |
|
Венгерский танец № 1 |
| 1 |
|
700 1 |
| a |
|
Брамс |
| b |
|
И. |
| 464 |
Аналитический уровень |
_0 |
| 1 |
|
2001 |
| a |
|
Ноктюрн |
| 1 |
|
700 1 |
| a |
|
Григ |
| b |
|
Э. |
| 464 |
Аналитический уровень |
_0 |
| 1 |
|
2001 |
| a |
|
Испанская песня |
| 1 |
|
700 1 |
| a |
|
Делиб |
| b |
|
Л. |
| 464 |
Аналитический уровень |
_0 |
| 1 |
|
2001 |
| a |
|
Цыганские напевы |
| 1 |
|
700 1 |
| a |
|
Сарасате |
| b |
|
П. |
| 464 |
Аналитический уровень |
_0 |
| 1 |
|
2001 |
| a |
|
Стаккато-каприччио |
| 1 |
|
700 1 |
| a |
|
Вогрич |
| b |
|
М. |
| 464 |
Аналитический уровень |
_0 |
| 1 |
|
2001 |
| a |
|
Песня без слов |
| e |
|
соч. 40 № 2 |
| 1 |
|
700 1 |
| a |
|
Сибелиус |
| b |
|
Я. |
| 464 |
Аналитический уровень |
_0 |
| 1 |
|
2001 |
| a |
|
Арабеска |
| 1 |
|
700 1 |
| a |
|
Дебюсси |
| b |
|
К. |
| 464 |
Аналитический уровень |
_0 |
| 1 |
|
2001 |
| a |
|
Баллада |
| 1 |
|
700 1 |
| a |
|
Скотт |
| b |
|
С. |
| 464 |
Аналитический уровень |
_0 |
| 1 |
|
2001 |
| a |
|
Джунгли |
| 1 |
|
700 1 |
| a |
|
Скотт |
| b |
|
С. |
| 512 |
Заглавие обложки |
1_ |
| a |
Заглавие обложки |
Играй, мой баян |
| 606 |
Тематические рубрики |
0_ |
| a |
Основная рубрика |
Баян |
| x |
Основная подрубрика |
Ансамбли баянов |
| x |
Основная подрубрика |
Переложения классических произведений |
| 610 |
Ключевые слова |
0_ |
| a |
Ключевые слова |
ансамбли баянов |
| 610 |
Ключевые слова |
0_ |
| a |
Ключевые слова |
переложения классических произведений |
| 610 |
Ключевые слова |
0_ |
| a |
Ключевые слова |
баян |
| 686 |
Индексы других классификаций |
__ |
| a |
Классификационный индекс |
85.952.456я43 |
| a |
Классификационный индекс |
85.954.6я43 |
| 2 |
Код системы |
rubbk |
| 801 |
Источник записи |
_0 |
| a |
Страна |
RU |
| b |
Организация |
Ульяновская ОНБ |
| c |
Дата составления |
20160408 |
| g |
Правила каталогизации |
RCR |
| 801 |
Источник записи |
_1 |
| a |
Страна |
RU |
| b |
Организация |
Ульяновская ОНБ |
| c |
Дата составления |
20160408 |
| g |
Правила каталогизации |
RCR |
| 901 |
Тип документа |
__ |
| t |
Тип документа |
n |
| w |
Контрольный № источника |
RU/IS/BASE/513343390 |
| 909 |
Создатель записи |
__ |
| a |
Создатель записи |
Никитина Т. А. |
| 910 |
Корректоры записи |
__ |
| a |
Корректор записи |
Васина |
| 938 |
Служебная информация |
__ |
| a |
Имя БД |
noti |
| b |
Имя библиотеки |
УОНБ |
| c |
Имя АИБС |
МАРК-SQL |
| d |
Номер DOC_ID в БД |
14505 |